Realitný trh Slovenskej republiky – súčasný stav a trendy diplomová práca

Enregistré dans:
Détails bibliographiques
Auteur principal: Zajíček, Tomáš
Collectivité auteur: Obchodná fakulta EU. Katedra tovaroznalectva a kvality tovaru
Autres auteurs: Jurkovičová, Lujza
Format: Livre
Langue:slovaque
Publié: Bratislava 2018
Tags: Ajouter un tag
Pas de tags, Soyez le premier à ajouter un tag!

MARC

LEADER 00000nbm a2200000 4500
001 0243413
005 20180911140159.3
041 0 |a slo 
044 |a SK 
245 1 0 |a Realitný trh Slovenskej republiky – súčasný stav a trendy  |b diplomová práca  |c Tomáš Zajíček ; školiteľ: Lujza Jurkovičová 
264 1 |a Bratislava  |c 2018 
300 |a 55 s. 
100 1 |a Zajíček, Tomáš 
700 1 |a Jurkovičová, Lujza 
710 2 |a Obchodná fakulta EU. Katedra tovaroznalectva a kvality tovaru